Game of Thrones on Twitter Quiz Stats

 Plays Quiz Updated Mar 17, 2014

Support Sporcle.
Go Orange.
Score 0/18 Timer 06:00
0 Plays Today
Tweet Character % Correct
Hodor! Hodor Hodor Hodor. #HodorHodor
94%
@Kingslayer's not in town. Looks like @Lancel will do for tonight.Cersei Lannister
90.6%
I miss girls. #WallLifeSamwell Tarly
80.8%
Gave @BeggarKing his “golden crown.” #SucksToSuckKhal Drogo
80.4%
@JonSnow You still know nothing.Ygritte
80.1%
Haven't seen any bad men fly lately. #WheresMother?Robin Arryn
78.2%
Getting married against mother's will. #YOLORobb Stark
77.1%
DM me to inquire about becoming a little bird.Varys
73.1%
Just witnessed a smoke monster come out of a woman. What the-Davos Seaworth
72.3%
Tweet Character % Correct
#ThatAwkwardMoment when you accidentally flirt w/ your sister.Theon Greyjoy
70.5%
(Whose Horse?): Just pooped in the Throne room. #LikeABoss Tywin Lannister
66.9%
RIP Renly. Why hello there @KingDoesAsHeLikes ;)Margaery Tyrell
63%
#ThingsICantLiveWithout Wine, Women, & Wine. @Lancel @KingslayerRobert Baratheon
61.7%
May be time to take @HalfMan up on his offer for some golden women.Bronn
60.9%
@KingDoesAsHeLikes. @QueenRegent. @BringThePayne. @Hound.Arya Stark
60.2%
#AskMyFollowers What appearance should a man take on next?Jaqen H'ghar
56.7%
Been peeing in front of a lady for weeks now. #EmbarassingGendry
53.4%
Loving this twitter site. Finally, a place where I can actually speak!Ilyn Payne
45.1%

From the Vault

Blockheads II

by lt2009

Who you callin' a blockhead?
Remove Ads.
Support Sporcle.
Get the best of Sporcle when you Go Orange. This ad-free experience offers more features, more stats, and more fun while also helping to support Sporcle. Thank you for becoming a member.

Show Comments

Extras

Top Quizzes Today


Score Distribution

Your Account Isn't Verified!

In order to create a playlist on Sporcle, you need to verify the email address you used during registration. Go to your Sporcle Settings to finish the process.

Report this User

Report this user for behavior that violates our Community Guidelines.

Details: